|
|
|
|
| LEADER |
00000naa2a2200000 4500 |
| 001 |
617444 |
| 005 |
20231101132947.0 |
| 035 |
|
|
|a (RuTPU)RU\TPU\conf\15757
|
| 035 |
|
|
|a RU\TPU\conf\15756
|
| 090 |
|
|
|a 617444
|
| 100 |
|
|
|a 20160305d2015 k y0rusy50 ba
|
| 101 |
0 |
|
|a eng
|
| 102 |
|
|
|a RU
|
| 105 |
|
|
|a y z 101zy
|
| 135 |
|
|
|a drcn ---uucaa
|
| 181 |
|
0 |
|a i
|
| 182 |
|
0 |
|a b
|
| 200 |
1 |
|
|a Environmental problems in transportation of hydrocarbons
|f V. O. Patrakeev
|g sci. adv. B. R. Soktoev, A. V. Makarovskikh
|
| 203 |
|
|
|a Текст
|c электронный
|
| 225 |
1 |
|
|a Environmental issues and sustainable development
|
| 230 |
|
|
|a 1 компьютерный файл (pdf; 471 Кб)
|
| 300 |
|
|
|a Заглавие с титульного экрана
|
| 320 |
|
|
|a [Библиогр.: с. 570-571 (5 назв.)]
|
| 463 |
|
0 |
|0 (RuTPU)RU\TPU\conf\15338
|t Творчество юных - шаг в успешное будущее
|o материалы VIII Всероссийской научной студенческой конференции с элементами научной школы имени профессора М. К. Коровина, г. Томск, 23-27 ноября 2015 г.
|f Национальный исследовательский Томский политехнический университет (ТПУ) ; под ред. А. Ю. Дмитриева
|v [С. 569-571]
|d 2015
|
| 610 |
1 |
|
|a труды учёных ТПУ
|
| 610 |
1 |
|
|a электронный ресурс
|
| 610 |
1 |
|
|a экологические проблемы
|
| 610 |
1 |
|
|a транспортировка
|
| 610 |
1 |
|
|a углеводороды
|
| 700 |
|
1 |
|a Patrakeev
|b V. O.
|
| 702 |
|
1 |
|a Soktoev
|b B. R.
|c Geochemist
|c Assistant of the Department of Tomsk Polytechnic University
|f 1990-
|g Bulat Rinchinovich
|2 stltpush
|4 727
|
| 702 |
|
1 |
|a Makarovskikh
|b A. V.
|c linguist
|c Senior Lecturer of Tomsk Polytechnic University
|f 1983-
|g Aleksandra Viktorovna
|2 stltpush
|4 727
|
| 712 |
0 |
2 |
|a Национальный исследовательский Томский политехнический университет (ТПУ)
|b Институт природных ресурсов (ИПР)
|b Кафедра геоэкологии и геохимии (ГЭГХ)
|h 259
|2 stltpush
|3 (RuTPU)RU\TPU\col\18658
|
| 712 |
0 |
2 |
|a Национальный исследовательский Томский политехнический университет (ТПУ)
|b Институт природных ресурсов (ИПР)
|b Кафедра иностранных языков (ИЯПР)
|h 6735
|2 stltpush
|3 (RuTPU)RU\TPU\col\18662
|
| 801 |
|
2 |
|a RU
|b 63413507
|c 20180216
|g RCR
|
| 856 |
4 |
|
|u http://earchive.tpu.ru/handle/11683/15704
|
| 942 |
|
|
|c BK
|